Macroeconomics / (Record no. 1904)
[ view plain ]
| 000 -LEADER | |
|---|---|
| fixed length control field | 00603nam a22002172 4500 |
| 001 - CONTROL NUMBER | |
| control field | 0000001339 |
| 005 - DATE AND TIME OF LATEST TRANSACTION | |
| control field | 20151217145724.0 |
| 008 - FIXED-LENGTH DATA ELEMENTS--GENERAL INFORMATION | |
| fixed length control field | 070305s xx 000 0 eng d |
| 020 ## - INTERNATIONAL STANDARD BOOK NUMBER | |
| International Standard Book Number | 0256161577 : |
| Terms of availability | KES 1,096 |
| 040 ## - CATALOGING SOURCE | |
| Original cataloging agency | KABU |
| Transcribing agency | KABU |
| 050 #0 - LIBRARY OF CONGRESS CALL NUMBER | |
| Classification number | HB172.5 |
| Item number | .H96 1996 |
| 100 1# - MAIN ENTRY--PERSONAL NAME | |
| Personal name | Hyman, David N. |
| -- | 0000149948 |
| 245 10 - TITLE STATEMENT | |
| Title | Macroeconomics / |
| Statement of responsibility, etc. | David N. Hyman. |
| 250 ## - EDITION STATEMENT | |
| Edition statement | 4th ed. |
| 260 ## - PUBLICATION, DISTRIBUTION, ETC. (IMPRINT) | |
| Place of publication, distribution, etc. | Boston : |
| Name of publisher, distributor, etc. | McGraw-Hill, |
| Date of publication, distribution, etc. | 1996. |
| 300 ## - PHYSICAL DESCRIPTION | |
| Extent | xxiv, 536 p. |
| 650 #0 - SUBJECT ADDED ENTRY--TOPICAL TERM | |
| Topical term or geographic name as entry element | Microeconomics. |
| -- | 0000149944 |
| 908 ## - PUT COMMAND PARAMETER (RLIN) | |
| Put command parameter | 070305 |
| 950 ## - LOCAL HOLDINGS (RLIN) | |
| -- | 1 |
| Withdrawn status | Lost status | Source of classification or shelving scheme | Not for loan | Home library | Current library | Date acquired | Total Checkouts | Total Renewals | Full call number | Barcode | Date last seen | Date last checked out | Price effective from | Koha item type | Damaged status |
|---|---|---|---|---|---|---|---|---|---|---|---|---|---|---|---|
| Library of Congress Classification | Kabarak, Main Campus | Kabarak, Main Campus | 17/12/2015 | 11 | 2 | HB172.5 .H96 1996 | 001113 | 28/03/2025 | 13/03/2025 | 17/12/2015 | General Collection | ||||
| Library of Congress Classification | Kabarak, Main Campus | Kabarak, Main Campus | 17/12/2015 | 13 | 1 | HB172.5 .H96 1996 | 001111 | 20/03/2025 | 13/03/2025 | 17/12/2015 | General Collection | ||||
| Lost and Paid For | Library of Congress Classification | Kabarak, Main Campus | Kabarak, Main Campus | 17/12/2015 | 1 | HB172.5 .H96 1996 | 001112 | 01/12/2016 | 22/01/2016 | 17/12/2015 | General Collection | ||||
| Lost and Paid For | Library of Congress Classification | Kabarak, Main Campus | Kabarak, Main Campus | 17/12/2015 | HB172.5 .H96 1996 c. 5 | 17/12/2015 | 17/12/2015 | General Collection | |||||||
| Library of Congress Classification | Kabarak, Main Campus | Kabarak, Main Campus | 17/12/2015 | 7 | 1 | HB172.5 .H96 1996 | 001110 | 02/08/2024 | 31/01/2022 | 17/12/2015 | General Collection | ||||
| Library of Congress Classification | Kabarak, Main Campus | Kabarak, Main Campus | 17/12/2015 | 13 | HB172.5 .H96 1996 | 001114 | 02/08/2024 | 22/11/2023 | 17/12/2015 | General Collection |